[Event "Madrid Chamartin op 8th"]
[Site "Madrid"]
[Date "2019.09.13"]
[Round "7"]
[White "Pascual Jimenez, Jesus"]
[Black "Isabel Huertas, Pedro"]
[Result "0-1"]
[WhiteElo "1083"]
[BlackElo "1039"]
[PlyCount "64"]
[EventDate "2019.09.09"]
[EventType "swiss"]
[EventRounds "9"]
[EventCountry "ESP"]
[SourceTitle "CBM 192 Extra"]
[Source "Chessbase"]
[SourceDate "2019.11.06"]
[SourceVersion "1"]
[SourceVersionDate "2019.11.06"]
[SourceQuality "1"]

1. e4 e5 2. Nf3 Nc6 3. Bc4 d6 4. d3 h6 5. Nc3 Nf6 6. b3 Be7 7. 0-0 0-0 8. Bb2 Bg4 9. Nd5 a6 10. a4 Nd4 11. Bxd4 Bxf3 12. Nxe7+ Qxe7 13. Qxf3 exd4 14. a5 c6 15. Rae1 Qd7 16. h3 Rae8 17. Re2 d5 18. exd5 Rxe2 19. dxc6 Qe7 20. cxb7 Re5 21. Ra1 Re1+ 22. Rxe1 Qxe1+ 23. Kh2 Qe5+ 24. Qg3 Qxa5 25. b8Q Rxb8 26. Qxb8+ Kh7 27. Bxf7 Qg5 28. Qd6 Qd2 29. h4 Qxf2 30. Qg3 Qf5 31. Bg6+ Qxg6 32. Qxg6+ Kxg6 0-1